000 00310nam a22001337a 4500
003 SGT
082 _a320
_bH04C
100 _aCHATTERJEE, SOMNATH
245 _aHIREN MUKHERJEE IN PARLIAMENT
260 _aINDIA
_bLOK SABHA SECRETARIAT
_c2004
300 _a624
650 _aPOLITICAL SCIENCE
942 _2ddc
_cBK
999 _c26302
_d26302